| 000 | 00501cam a22002171 4500 | ||
|---|---|---|---|
| 001 | sa 64008870 | ||
| 003 | DLC | ||
| 005 | 20260227112057.0 | ||
| 008 | 890328s1962 xx 000 0 tam | ||
| 010 | _asa 64008870 | ||
| 035 | _a(OCoLC)23550279 | ||
| 040 |
_aDLC _cMiU _dDLC |
||
| 042 | _apremarc | ||
| 050 | 0 | 0 |
_aPL4758.9.A1 _bM5 |
| 245 | 0 | 0 | _aMinnuvatellām ponnalla. |
| 260 | _c[1962] | ||
| 300 |
_aiv, 212 p. _c19 cm. |
||
| 500 | _aIn Tamil. | ||
| 500 | _aA novel. | ||
| 700 | 1 | _aR., N. J. | |
| 999 |
_c61076 _d61076 |
||